Jahrbuch für Auswèartige Politik / (Record no. 83967)

MARC details
000 -LEADER
campo de control de longitud fija 00431nam a2200145 i 4500
001 - NÚMERO DE CONTROL
campo de control 83967
003 - IDENTIFICADOR DE NÚMERO DE CONTROL
campo de control ES-MaACL
007 - CAMPO FIJO DE DESCRIPCIÓN FÍSICA--INFORMACIÓN GENERAL
campo de control de longitud fija t|
008 - DATOS DE LONGITUD FIJA--INFORMACIÓN GENERAL
campo de control de longitud fija 041118s1940 gw ||||1| ger d
245 00 - MENCIÓN DEL TÍTULO
Título Jahrbuch für Auswèartige Politik /
Mención de responsabilidad, etc. Herausgegeben Fritz Berber.
260 ## - PUBLICACIÓN, DISTRIBUCIÓN, ETC.
Lugar de publicación, distribución, etc. Berlin :
Nombre del editor, distribuidor, etc. [s.n.],
Fecha de publicación, distribución, etc. 1940 (
Fabricante August Gross Verlag)
300 ## - DESCRIPCIÓN FÍSICA
Extensión VII, 442 p. ;
Dimensiones 21 cm.
700 1# - ENTRADA AGREGADA--NOMBRE PERSONAL
Nombre de persona Berber, Fritz.
9 (RLIN) 27840
852 ## - LOCALIZACIÓN
Ubicación ES-MaACL
Número de control de estantería B-9554
Sublocalización o colección R.19070
Holdings
Estatus retirado Estado de pérdida Estado de daño No para préstamo Biblioteca de origen Biblioteca actual Ubicación en estantería Fecha de adquisición Fuente de adquisición Total de préstamos Signatura topográfica completa Código de barras Visto por última vez Precio de reemplazo Tipo de ítem Koha
        Biblioteca del Ateneo de Madrid Biblioteca del Ateneo de Madrid Sala Pardo Bazán 17/01/2008     B-9554 1087753 23/02/2023 23/02/2023 Libro impreso